000 01538nam0a2200349 4500
001 RU\NLR\bibl\1323705
005 20260407202743.0
021 _aRU
_b2008-97660
_95726
035 _a(NLR Aleph) 001309027
090 _a667580
_c667580
100 _a20090203d2008 |||y0rusy50 ca
101 0 _arus
102 _aRU
105 _aa |||||||||
200 1 _aПротивопожарная азбука для самых маленьких
_e[стихи
_fАнтипас Д.Б., Горбаруков А.П., Лисица В.Н.
_gхудож. Горбаруков А.П.
_gразраб. ЗАО "Науч.-проект. центр исслед. риска и экспертизы безопасности" ]
210 _a[Б. м.
_cб. и.
_d2008]
_eотпечатано в ГУИ "ИПК "Чувашия"
215 _a15, [2] с.
_cцв. ил.
_d14х22
300 _aАвт. указаны на 2-й с. обл.
686 _aШ9(2)60=Р7-5
686 _aШ9
_bН91/97
700 1 _aАнтипас
_bД. Б.
_4070
701 1 _aГорбаруков
_bА. П.
_4070
701 1 _aЛисица
_bВ. Н.
_4070
702 1 _aГорбаруков
_bА. П.
_4040
712 0 2 _4570
_aНаучно-производственный центр исследования риска и экспертизы безопасности
_cМосква
_3RU\NLR\AUTH\8810134336
_9764695
801 0 _aRU
_bNLR
_c20090203
_gRCR
801 1 _aRU
_bNLR
_c20090203
942 _cBOOK
980 _aNB